Totbid dergisi: journal of the turkish society of orthopaedics and traumatology (Record no. 38742)
[ view plain ]
| 000 -LEADER | |
|---|---|
| fixed length control field | 00386nam a2200133Ia 4500 |
| 022 ## - INTERNATIONAL STANDARD SERIAL NUMBER | |
| ISSN | 13036343 |
| 245 #0 - TITLE STATEMENT | |
| Title | Totbid dergisi: journal of the turkish society of orthopaedics and traumatology |
| 260 ## - PUBLICATION, DISTRIBUTION, ETC. (IMPRINT) | |
| Name of publisher | Baycinar Tibbi yayincilik |
| 260 ## - PUBLICATION, DISTRIBUTION, ETC. (IMPRINT) | |
| Year of publication | 2012 |
| 300 ## - PHYSICAL DESCRIPTION | |
| Number of Pages | x, 202- 435 p. : ill ; 27 cm. |
| 942 ## - ADDED ENTRY ELEMENTS (KOHA) | |
| Koha item type | Serials |
No items available.